| 000 | 00522cam a2200181 a 4500 | ||
|---|---|---|---|
| 005 | 20250901165550.0 | ||
| 008 | 980914s1999 maua b 001 0 eng | ||
| 010 | _a 98044231 | ||
| 020 | _a0072899050 (acidfree paper) | ||
| 050 | 0 | 0 |
_aQA39.2 _b.R654 1999 |
| 082 | 0 | 0 |
_a511 _221 |
| 100 | 1 | _aRosen, Kenneth H. | |
| 245 | 1 | 0 |
_aDiscrete mathematics and its applications / _cKenneth H. Rosen. |
| 250 | _a4th ed. | ||
| 260 |
_aBoston : _bWCB/McGraw-Hill, _cc1999. |
||
| 300 |
_axxii, 678 p. : _bill. ; _c27 cm. |
||
| 942 | _2lcc | ||
| 999 |
_c5963 _d5963 |
||